Quantum mechanics
Αποθηκεύτηκε σε:
| Κύριος συγγραφέας: | |
|---|---|
| Μορφή: | Βιβλίο |
| Γλώσσα: | English |
| Δημοσίευση: |
New York :
Springer,
c1979
|
| Σειρά: | Texts and monographs in physics
|
| Θέματα: | |
| Ετικέτες: |
Προσθήκη ετικέτας
Δεν υπάρχουν, Καταχωρήστε ετικέτα πρώτοι!
|
MARC
| LEADER | 00000cam a2200000 a 4500 | ||
|---|---|---|---|
| 001 | 1/107349 | ||
| 008 | 150710s1979####us | ||| |||| ||eng|| | ||
| 020 | |a 03870888628 | ||
| 040 | |a GR-MyUa |b gre |c GR-MyUa |e AACR2 | ||
| 041 | 0 | |a eng | |
| 082 | 7 | |a 530.12 |2 (23) | |
| 100 | 1 | |a Bohm, Arno |d 1936- | |
| 245 | 1 | 0 | |a Quantum mechanics / |c Arno Bohm. |
| 260 | |a New York : |b Springer, |c c1979 | ||
| 300 | |a xvii, 522 σ. ; |c 24 εκ. | ||
| 490 | 1 | |a Texts and monographs in physics | |
| 504 | |a περιέχει βιβλιογραφικές αναφορές και ευρετήριο. | ||
| 650 | 0 | |a Quantum theory. | |
| 830 | 0 | |a Texts and monographs in physics | |
| 852 | |a INST |b SAMOS |e 20150710 |h 530.12 BOH |p 005300042357 |q 005300042357 |t BK |y 0 | ||
| 970 | |a Γουβάλα |b Βάσω |z 10-07-2015 | ||